000 00519nam a2200193Ia 4500
008 101110s9999 xx 000 0 und d
041 _aMARATHI
082 _bJR1241
100 _aKulkarni, Kane, Kopardekar
245 _aBankingchi Multatve Ani Pratyakshik Banking
365 _b10
520 _aCommerce
546 _aMARATHI
630 _aBankingchi Multatve Ani Pratyakshik Banking
650 _aCommerce
655 _aCommerce
730 _aBankingchi Multatve Ani Pratyakshik Banking
942 _cBOOK
999 _c793640
_d793637